| 000 | 01370 a2200289 4500 | ||
|---|---|---|---|
| 003 | Nust | ||
| 005 | 20220804104230.0 | ||
| 010 | _a 2005923261 | ||
| 020 | _a1852339144 (hbk.) | ||
| 020 | _a9781852339142 | ||
| 035 | _a(CStRLIN)NYUGB13216133-B | ||
| 035 | _a(NNU)NYUb13216133 | ||
| 035 | _a(OCoLC)ocm57484393 | ||
| 040 | _cNust | ||
| 082 | 0 | 0 | _a621.367,MID |
| 100 | 1 |
_aMiddleton, Lee, _996504 |
|
| 245 | 1 | 0 |
_aHexagonal image processing : _ba practical approach / _cLee Middleton and Jayanthi Sivaswamy. |
| 260 |
_aLondon : _bSpringer, _cc2005. |
||
| 300 |
_axiii, 254 p. : _bill. ; _c25 cm. + _e1 CD-ROM (4 3/4 in.). |
||
| 440 | 0 |
_aAdvances in pattern recognition, _996505 |
|
| 505 | _aIntroduction (Page-1), Current Approaches to Vision (Page-5), The Proposed HIP Framework (Page-27), Image Processing within the HIP Framework (Page-71), Applications of the HIP Framework (Page-105), Practical Aspects of Hexagonal Image Processing (Page-127), Processing Images on Square and Hexagonal Grids – A Comparison (Page-151), Mathematical Derivations (Page-201). | ||
| 650 | 0 | _aTelecommunication Engineering. | |
| 700 | 1 |
_aSivaswamy, Jayanthi. _996506 |
|
| 856 | 4 | 1 |
_3Publisher description _uhttp://www.loc.gov/catdir/enhancements/fy0662/2005923261-d.html |
| 856 | 4 | 1 |
_3Table of contents _uhttp://www.loc.gov/catdir/toc/fy0606/2005923261.html |
| 942 |
_cREF _2ddc |
||
| 999 |
_c178680 _d178680 |
||